[Event "Ch BLR 2011 w"]
[Site "?"]
[Date "2011.01.16"]
[Round "1.1"]
[White "Stetsko, Lanita"]
[Black "Morgaenko, Ekaterina"]
[Result "1-0"]
[WhiteElo "2142"]
[BlackElo "1828"]
[PlyCount "59"]
[EventDate "2011.01.17"]
[SourceDate "2011.01.17"]

1. e4 c6 2. d4 d5 3. Nc3 dxe4 4. Nxe4 Nf6 5. Nxf6+ gxf6 6. c3 Qc7 7. Nf3 Bg4 8.
Be2 Nd7 9. Be3 e6 10. Qd2 Bd6 11. h3 Bh5 12. c4 c5 13. O-O O-O-O 14. Kh1 Bxf3
15. Bxf3 cxd4 16. Bxd4 Bf4 17. Qb4 a6 18. c5 e5 19. Be3 Bxe3 20. fxe3 Nb8 21.
Bg4+ Nd7 22. Rxf6 Kb8 23. Bxd7 Rxd7 24. c6 Rd5 25. Raf1 Rb5 26. Qc3 Rf8 27. a4
Rd5 28. Qb4 Rdd8 29. cxb7 Ka7 30. a5 1-0

[Event "Ch BLR 2011 w"]
[Site "?"]
[Date "2011.01.16"]
[Round "1.2"]
[White "Molotilova, Olga"]
[Black "Ziaziulkina, Nastassia"]
[Result "0-1"]
[WhiteElo "1930"]
[BlackElo "2301"]
[PlyCount "114"]
[EventDate "2011.01.17"]
[SourceDate "2011.01.17"]

1. e4 c5 2. d4 cxd4 3. c3 Nf6 4. e5 Nd5 5. Nf3 Nc6 6. Bc4 Nb6 7. Bb3 d5 8. exd6
Qxd6 9. Nxd4 Nxd4 10. cxd4 Bf5 11. Nc3 e6 12. O-O Be7 13. d5 O-O 14. dxe6 Bxe6
15. Qxd6 Bxd6 16. Bxe6 fxe6 17. Re1 Rae8 18. Be3 Nc4 19. Nb5 Bb4 20. Re2 Nxe3
21. Rxe3 Rd8 22. Re2 Rf5 23. Nc3 Bxc3 24. bxc3 Kf7 25. Rae1 Rd6 26. f3 Rc5 27.
Re3 Ra5 28. R3e2 Rc6 29. Rd1 Ke7 30. Rde1 Ra3 31. f4 Kf6 32. Rd2 Raxc3 33. Ree2
Rb6 34. Kf2 a5 35. Rd4 Rbc6 36. Rd7 b6 37. Rd4 R3c4 38. Ke3 b5 39. g3 Rc2 40.
Rdd2 R2c3+ 41. Rd3 Rc2 42. Rdd2 R2c5 43. Kf3 b4 44. g4 Rc3+ 45. Re3 h5 46. g5+
Kg6 47. Rxc3 bxc3 48. Rc2 Kf5 49. Ke3 Rc4 50. a3 Re4+ 51. Kd3 Rxf4 52. Kxc3
Kxg5 53. Rg2+ Kf6 54. Rg3 g5 55. h3 Kf5 56. Kd3 g4 57. hxg4+ hxg4 0-1

[Event "Ch BLR 2011 w"]
[Site "?"]
[Date "2011.01.16"]
[Round "1.3"]
[White "Eidelson, Rakhil"]
[Black "Homiakova, Elena"]
[Result "1/2-1/2"]
[WhiteElo "2245"]
[BlackElo "2157"]
[PlyCount "99"]
[EventDate "2011.01.17"]
[SourceDate "2011.01.17"]

1. d4 Nf6 2. Nf3 g6 3. Nc3 d5 4. Bf4 Bg7 5. Qd2 O-O 6. O-O-O c6 7. Ne5 Nbd7 8.
f3 Nxe5 9. Bxe5 b5 10. g4 Qa5 11. h4 b4 12. Nb1 Qxa2 13. Qxb4 Nd7 14. Bxg7 Rb8
15. Qxb8 Nxb8 16. Bxf8 Kxf8 17. e3 Nd7 18. Rd3 Qa5 19. Be2 c5 20. dxc5 Nxc5 21.
Ra3 Qb6 22. Rd1 Bb7 23. Nc3 e6 24. Rd4 a5 25. Na4 Nxa4 26. Rdxa4 Ba6 27. Bxa6
Qxa6 28. Rd3 Qb5 29. Rad4 Kg7 30. f4 h6 31. f5 Qb8 32. fxe6 fxe6 33. Rf4 g5 34.
hxg5 hxg5 35. Rfd4 Qg3 36. Kb1 Qe1+ 37. Ka2 Qe2 38. Rc3 Kf6 39. b3 Ke5 40. Kb2
Kf6 41. Rcd3 Qe1 42. Ra4 Qe2 43. Rc3 Ke5 44. Rd3 Kf6 45. Rad4 Ke5 46. Rc3 Kf6
47. Rc6 Ke5 48. Rc3 Kf6 49. Ka2 Ke5 50. Kb2 1/2-1/2

[Event "Ch BLR 2011 w"]
[Site "?"]
[Date "2011.01.16"]
[Round "1.5"]
[White "Kusenkova, Natallia"]
[Black "Revo, Tatiana"]
[Result "0-1"]
[WhiteElo "2026"]
[BlackElo "2031"]
[PlyCount "64"]
[EventDate "2011.01.17"]
[SourceDate "2011.01.17"]

1. e4 e5 2. Nf3 Nc6 3. Bb5 a6 4. Ba4 Nf6 5. O-O Nxe4 6. d4 b5 7. Bb3 d5 8. dxe5
Be6 9. Nbd2 Be7 10. c3 O-O 11. Bc2 f5 12. Nb3 Qd7 13. Nbd4 Nxd4 14. Nxd4 c5 15.
Nxe6 Qxe6 16. f3 Ng5 17. Qe2 Rad8 18. a4 c4 19. axb5 axb5 20. b3 f4 21. bxc4
dxc4 22. Rb1 Rd5 23. Re1 Bc5+ 24. Kh1 Be3 25. Bxe3 Rxe5 26. Qf2 Rxe3 27. Rxe3
fxe3 28. Qg3 e2 29. Re1 Qe3 30. h4 Nxf3 31. gxf3 Rxf3 32. Qb8+ Rf8 0-1

[Event "Ch BLR 2011 w"]
[Site "?"]
[Date "2011.01.17"]
[Round "2.1"]
[White "Morgaenko, Ekaterina"]
[Black "Revo, Tatiana"]
[Result "0-1"]
[WhiteElo "1828"]
[BlackElo "2031"]
[PlyCount "74"]
[EventDate "2011.01.17"]
[SourceDate "2011.01.17"]

1. e4 e5 2. Nf3 Nc6 3. Bb5 a6 4. Ba4 Nf6 5. O-O Nxe4 6. Re1 Nc5 7. Bxc6 dxc6 8.
Nxe5 Be7 9. Nc3 Ne6 10. d3 O-O 11. Ne4 f6 12. Nf3 c5 13. b3 f5 14. Nc3 Bf6 15.
Bb2 Qd6 16. Rb1 b6 17. Ne2 Nd4 18. Nd2 b5 19. Ng3 Bb7 20. c3 Qd5 21. f3 Nc6 22.
Ndf1 Bh4 23. Re2 Rad8 24. Ne3 Qd7 25. Ngxf5 Rxf5 26. Nxf5 Qxf5 27. Re4 Bf6 28.
g4 Qd5 29. Qe2 Ne5 30. Rd1 Qd6 31. Re3 Qc6 32. Rf1 Ng6 33. Qc2 Bg5 34. Ree1 Nf4
35. Rd1 Re8 36. Kh1 Re3 37. Qf2 Rxf3 0-1

[Event "Ch BLR 2011 w"]
[Site "?"]
[Date "2011.01.17"]
[Round "2.5"]
[White "Stetsko, Lanita"]
[Black "Molotilova, Olga"]
[Result "1-0"]
[WhiteElo "2142"]
[BlackElo "1930"]
[PlyCount "119"]
[EventDate "2011.01.17"]
[SourceDate "2011.01.17"]

1. e4 e5 2. Nf3 Nc6 3. d4 exd4 4. Nxd4 Nf6 5. Nc3 Be7 6. Nxc6 dxc6 7. Qxd8+
Bxd8 8. Bc4 O-O 9. O-O Re8 10. Re1 Be6 11. Bxe6 Rxe6 12. f3 Be7 13. Be3 Bb4 14.
Red1 Bxc3 15. bxc3 Rae8 16. Rd3 b6 17. Rad1 Kf8 18. Bf4 R6e7 19. g4 h6 20. h4
a6 21. Kf2 Kg8 22. c4 a5 23. c5 b5 24. Rd8 Kf8 25. g5 hxg5 26. hxg5 Nh5 27. Be3
g6 28. R8d3 a4 29. R3d2 f5 30. gxf6 Nxf6 31. c4 Kf7 32. Rb2 bxc4 33. Rc2 Ra8
34. Rxc4 Ree8 35. Rdd4 Reb8 36. Rb4 Rb5 37. Rxb5 cxb5 38. Ke2 Rb8 39. a3 Rh8
40. Bf4 c6 41. Rd6 Rh1 42. Be5 Ne8 43. Rxc6 Rb1 44. Bc3 Rb3 45. Bb4 Rb2+ 46.
Ke3 Rb3+ 47. Kf2 Nf6 48. Rb6 Rb2+ 49. Ke3 Rb3+ 50. Kd4 Rxf3 51. c6 Ke6 52. Rxb5
Ng4 53. Rb7 Rh3 54. Re7+ Kf6 55. c7 Rh8 56. Kd5 Ne3+ 57. Kc6 Nc4 58. e5+ Nxe5+
59. Rxe5 Kxe5 60. Bc3+ 1-0

[Event "Ch BLR 2011 w"]
[Site "?"]
[Date "2011.01.18"]
[Round "3.2"]
[White "Kusenkova, Natallia"]
[Black "Homiakova, Elena"]
[Result "1/2-1/2"]
[WhiteElo "2026"]
[BlackElo "2157"]
[PlyCount "84"]
[EventDate "2011.01.17"]
[SourceDate "2011.01.17"]

1. e4 c5 2. c3 d5 3. exd5 Qxd5 4. d4 Nc6 5. Nf3 Bg4 6. Be2 e6 7. O-O Nf6 8. Be3
cxd4 9. cxd4 Be7 10. Nc3 Qd6 11. h3 Bh5 12. Qb3 O-O 13. Rfd1 Rfd8 14. Rac1 Qb4
15. Qxb4 Nxb4 16. g4 Bg6 17. Ne5 Nbd5 18. Bf3 Ne8 19. Nxd5 exd5 20. Bf4 Be4 21.
Be2 Rac8 22. f3 Bg6 23. Nxg6 hxg6 24. Bb5 Bb4 25. Ba4 Ba5 26. Bb3 Rxc1 27. Rxc1
Bb6 28. Rd1 Kf8 29. Kf2 Nc7 30. Bxc7 Bxc7 31. Rh1 Ke7 32. Re1+ Kf8 33. Rh1 Bb6
34. Ke3 Ke7 35. h4 Kd6 36. h5 Rh8 37. Kd3 Bd8 38. Rh2 Ba5 39. Bd1 Bd8 40. f4
gxh5 41. Rxh5 Rxh5 42. gxh5 Bh4 1/2-1/2

[Event "Ch BLR 2011 w"]
[Site "?"]
[Date "2011.01.18"]
[Round "3.4"]
[White "Eidelson, Rakhil"]
[Black "Stetsko, Lanita"]
[Result "1-0"]
[WhiteElo "2245"]
[BlackElo "2142"]
[PlyCount "75"]
[EventDate "2011.01.17"]
[SourceDate "2011.01.17"]

1. e4 e5 2. Nf3 Nc6 3. Bc4 Bc5 4. O-O Nf6 5. d4 Bxd4 6. Nxd4 Nxd4 7. f4 d6 8.
fxe5 dxe5 9. Bg5 Qe7 10. c3 Ne6 11. Bxe6 Qxe6 12. Bxf6 gxf6 13. Qf3 Rg8 14. Na3
Bd7 15. Rf2 O-O-O 16. Nc2 Rg4 17. Nb4 Rf4 18. Qe3 Rxf2 19. Qxf2 b6 20. a4 a5
21. Nd5 f5 22. c4 fxe4 23. Qh4 Bc6 24. Ne7+ Kb7 25. Nxc6 Qxc6 26. Qxd8 Qxc4 27.
Qd2 Qc5+ 28. Kf1 f5 29. Rc1 Qd4 30. Qxd4 exd4 31. g3 c5 32. Ke2 Kc6 33. Rf1 Kd5
34. Rxf5+ Kc4 35. Re5 Kb3 36. Rxe4 Kc2 37. Rf4 Kxb2 38. Kd3 1-0

[Event "Ch BLR 2011 w"]
[Site "?"]
[Date "2011.01.18"]
[Round "3.5"]
[White "Molotilova, Olga"]
[Black "Morgaenko, Ekaterina"]
[Result "0-1"]
[WhiteElo "1930"]
[BlackElo "1828"]
[PlyCount "88"]
[EventDate "2011.01.17"]
[SourceDate "2011.01.17"]

1. e4 c6 2. d4 d5 3. exd5 cxd5 4. c4 Nf6 5. Nc3 g6 6. Qb3 Bg7 7. cxd5 O-O 8.
Nge2 Nbd7 9. g3 Nb6 10. Bg2 Bf5 11. a4 Bd3 12. d6 exd6 13. Bxb7 Rb8 14. Bg2 Nc4
15. Qd1 Bxe2 16. Qxe2 Re8 17. Be3 Qc8 18. Nb5 a6 19. Na7 Qe6 20. Rc1 Nxe3 21.
fxe3 Ng4 22. e4 Bxd4 23. Nc6 Rxb2 24. Rc2 Bf2+ 25. Kd2 Rxc2+ 26. Kxc2 Qa2+ 27.
Kd3 Qb3+ 28. Kd2 Be3+ 29. Ke1 Qc3+ 30. Kf1 Qc1+ 31. Qe1 Qxc6 32. Bf3 Nf2 33.
Qxe3 Nxh1 34. Bxh1 Qxa4 35. Bf3 d5 36. e5 Qa1+ 37. Kg2 Rxe5 38. Qb6 Kg7 39. Qd6
Qb2+ 40. Kh3 a5 41. Qc6 Rf5 42. Bg4 Rf2 43. Bd7 Rxh2+ 44. Kg4 Qd4+ 0-1

[Event "Ch BLR 2011 w"]
[Site "?"]
[Date "2011.01.19"]
[Round "4.1"]
[White "Ziaziulkina, Nastassia"]
[Black "Kusenkova, Natallia"]
[Result "0-1"]
[WhiteElo "2301"]
[BlackElo "2026"]
[PlyCount "140"]
[EventDate "2011.01.17"]
[SourceDate "2011.01.17"]

1. e4 c5 2. Nf3 d6 3. d4 cxd4 4. Nxd4 Nf6 5. Nc3 a6 6. Bg5 Nbd7 7. Bc4 Qb6 8.
Bb3 e6 9. Qd2 Be7 10. O-O-O Nc5 11. Rhe1 O-O 12. f4 Nxb3+ 13. Nxb3 Rd8 14. Re3
Qc7 15. Rd3 Ne8 16. Bxe7 Qxe7 17. g4 b5 18. a3 Bb7 19. Qe3 Rdc8 20. e5 d5 21.
f5 b4 22. axb4 Qxb4 23. Nd4 Qe7 24. Rf1 a5 25. f6 Qd7 26. Rd2 a4 27. Nb1 Ba6
28. Rf3 Rab8 29. fxg7 Qb7 30. Qa3 Nxg7 31. Rdf2 Qc7 32. Re3 Qb6 33. Rd2 Rc4 34.
c3 Rbc8 35. Kd1 Qd8 36. Rf2 Qg5 37. Kd2 Qxg4 38. Ne2 Qg5 39. Ng3 Rf4 40. Rxf4
Qxf4 41. Qb4 Qxb4 42. cxb4 Rc4 43. Ra3 Rxb4 44. b3 Rxb3 45. Rxa4 Rxb1 46. Rxa6
h5 47. Ra2 h4 48. Ne2 Nf5 49. Nf4 Rb4 50. Nd3 Rg4 51. Kc3 Ne7 52. Rf2 Ng6 53.
Re2 Rc4+ 54. Kb3 Re4 55. Rg2 Kh7 56. Rf2 Nxe5 57. Nxe5 Rxe5 58. Rxf7+ Kg6 59.
Re7 Re3+ 60. Kc2 Kf6 61. Rh7 Re2+ 62. Kd3 Rxh2 63. Ke3 h3 64. Rh6+ Ke5 65. Rh5+
Kd6 66. Rh6 Rh1 67. Kf2 d4 68. Rh4 e5 69. Ke2 h2 70. Kf2 Ra1 0-1

[Event "Ch BLR 2011 w"]
[Site "?"]
[Date "2011.01.19"]
[Round "4.3"]
[White "Molotilova, Olga"]
[Black "Eidelson, Rakhil"]
[Result "0-1"]
[WhiteElo "1930"]
[BlackElo "2245"]
[PlyCount "40"]
[EventDate "2011.01.17"]
[SourceDate "2011.01.17"]

1. b4 c6 2. Bb2 a5 3. a3 axb4 4. axb4 Rxa1 5. Bxa1 Qb6 6. b5 Qxb5 7. e4 Qb6 8.
Nf3 d6 9. d4 Nf6 10. Nbd2 d5 11. e5 Nfd7 12. e6 fxe6 13. Ng5 Nf6 14. Bd3 g6 15.
O-O Bg7 16. Nb3 Bh6 17. h4 O-O 18. Nc5 Bxg5 19. hxg5 Nh5 20. g3 e5 {...} 0-1

[Event "Ch BLR 2011 w"]
[Site "?"]
[Date "2011.01.19"]
[Round "4.5"]
[White "Homiakova, Elena"]
[Black "Revo, Tatiana"]
[Result "1-0"]
[WhiteElo "2157"]
[BlackElo "2031"]
[PlyCount "93"]
[EventDate "2011.01.17"]
[SourceDate "2011.01.17"]

1. e4 e5 2. Nf3 Nc6 3. Bb5 a6 4. Ba4 Nf6 5. O-O Nxe4 6. d4 b5 7. Bb3 d5 8. dxe5
Be6 9. Nbd2 Be7 10. c3 O-O 11. Bc2 f5 12. Nb3 Qd7 13. Nfd4 Nxd4 14. Nxd4 c5 15.
Nxe6 Qxe6 16. f3 Ng5 17. a4 Rad8 18. axb5 axb5 19. Ra7 Rd7 20. Rxd7 Qxd7 21.
Kh1 f4 22. b4 c4 23. Qd2 Ne6 24. Rd1 Ra8 25. Be4 Nc7 26. Qxf4 Qc6 27. Bc2 Ra2
28. Bb1 Ra1 29. Qf5 g6 30. Qc8+ Bf8 31. Be3 Ra8 32. Qg4 Ra3 33. Rc1 Ne6 34. f4
d4 35. Bxd4 Nxd4 36. cxd4 Bxb4 37. f5 Ra1 38. Qg5 c3 39. fxg6 hxg6 40. h4 Ba3
41. Qd8+ Kg7 42. d5 Bxc1 43. dxc6 Rxb1 44. Qd7+ Kh6 45. Qd1 Ra1 46. c7 c2 47.
Qg1 1-0

[Event "Ch BLR 2011 w"]
[Site "?"]
[Date "2011.01.20"]
[Round "5.2"]
[White "Bogdan, Ekaterina"]
[Black "Homiakova, Elena"]
[Result "1-0"]
[WhiteElo "1991"]
[BlackElo "2157"]
[PlyCount "121"]
[EventDate "2011.01.17"]
[SourceDate "2011.01.17"]

1. e4 c5 2. Nf3 Nc6 3. d4 cxd4 4. Nxd4 g6 5. c4 Nf6 6. Nc3 d6 7. Be2 Nxd4 8.
Qxd4 Bg7 9. O-O O-O 10. Qd3 Be6 11. Be3 Nd7 12. Bd4 Ne5 13. Qd2 Qa5 14. f4 Nc6
15. Bxg7 Kxg7 16. Kh1 f6 17. Rac1 Rac8 18. b3 Rfe8 19. Qb2 a6 20. Rfd1 Qb6 21.
Nd5 Qf2 22. Rd2 Qa7 23. h3 b6 24. Rf1 Qb7 25. a4 Kg8 26. Qc3 Rf8 27. Qe3 Rb8
28. Nc3 Kg7 29. Bf3 Qc8 30. g4 Bf7 31. Rg2 h6 32. Be2 g5 33. h4 gxf4 34. Qxf4
Ne5 35. Nd5 Bxd5 36. exd5 Kf7 37. Bd1 Rg8 38. Rfg1 Qf8 39. Bc2 Ke8 40. Bf5 Kd8
41. b4 Qe8 42. c5 Qxa4 43. cxd6 Qb3 44. dxe7+ Kxe7 45. Be4 Rbe8 46. d6+ Kf7 47.
Rg3 Qc4 48. Rf1 Qe6 49. Qd2 Nc4 50. Qd4 Kg7 51. d7 Rd8 52. Bf5 Qc6+ 53. Kh2 Ne5
54. g5 hxg5 55. hxg5 Rh8+ 56. Bh3 Nxd7 57. gxf6+ Kf8 58. Qg4 Qc2+ 59. Rg2 Qc7+
60. Kg1 Ne5 61. Qg7+ 1-0

[Event "Ch BLR 2011 w"]
[Site "?"]
[Date "2011.01.20"]
[Round "5.3"]
[White "Sharevich, Anna"]
[Black "Molotilova, Olga"]
[Result "1-0"]
[WhiteElo "2332"]
[BlackElo "1930"]
[PlyCount "65"]
[EventDate "2011.01.17"]
[SourceDate "2011.01.17"]

1. Nf3 f5 2. d4 d5 3. c4 e6 4. Nc3 Nf6 5. Bf4 Be7 6. e3 O-O 7. Bd3 c6 8. Qc2
Nbd7 9. h3 Ne4 10. O-O Ndf6 11. Ne5 Bd7 12. Bh2 Be8 13. Ne2 Nd7 14. c5 Nxe5 15.
Bxe5 Bd7 16. b4 Kh8 17. a4 Bf6 18. f3 Bxe5 19. dxe5 Ng5 20. Nd4 Qe7 21. f4 Nf7
22. b5 g5 23. bxc6 bxc6 24. Rab1 Rab8 25. Qc3 g4 26. hxg4 Nh6 27. Rxb8 Rxb8 28.
gxf5 exf5 29. e6 Kg8 30. exd7 Qxe3+ 31. Kh1 Rd8 32. Rf3 Qe7 33. Nxf5 1-0

[Event "Ch BLR 2011 w"]
[Site "?"]
[Date "2011.01.21"]
[Round "6.1"]
[White "Ziaziulkina, Nastassia"]
[Black "Bogdan, Ekaterina"]
[Result "1/2-1/2"]
[WhiteElo "2301"]
[BlackElo "1991"]
[PlyCount "28"]
[EventDate "2011.01.17"]
[SourceDate "2011.01.17"]

1. e4 e5 2. Nf3 Nf6 3. d4 Nxe4 4. Bd3 d5 5. Nxe5 Nd7 6. Nxd7 Bxd7 7. O-O Be7 8.
Re1 O-O 9. Nc3 Nxc3 10. bxc3 c6 11. Rb1 b5 12. Bf4 Re8 13. Qh5 g6 14. Qf3 Bf6
1/2-1/2

[Event "Ch BLR 2011 w"]
[Site "?"]
[Date "2011.01.21"]
[Round "6.3"]
[White "Molotilova, Olga"]
[Black "Kusenkova, Natallia"]
[Result "0-1"]
[WhiteElo "1930"]
[BlackElo "2026"]
[PlyCount "110"]
[EventDate "2011.01.17"]
[SourceDate "2011.01.17"]

1. e4 c5 2. d4 cxd4 3. c3 Nf6 4. e5 Nd5 5. Nf3 d6 6. Bb5+ Bd7 7. Bxd7+ Qxd7 8.
O-O e6 9. exd6 dxc3 10. Nxc3 Nxc3 11. bxc3 Bxd6 12. Bb2 O-O 13. c4 Be7 14. Qe2
Nc6 15. Rfd1 Qc7 16. Qe4 Rfd8 17. Re1 Rac8 18. Qg4 Bf8 19. c5 Qe7 20. Rac1 Rd5
21. Rc2 Rcd8 22. h3 Rd1 23. Rxd1 Rxd1+ 24. Kh2 Rd5 25. h4 Rxc5 26. Ba3 Qc7+ 27.
Kh3 Rxc2 28. Bxf8 Kxf8 29. Qe4 Ne7 30. Qxh7 Rxf2 31. Qh8+ Ng8 32. Ng5 Qd8 33.
Nh7+ Ke7 34. Qxg7 Qd3+ 35. Kh2 Qd8 36. Ng5 Rf6 37. Ne4 Rg6 38. Qe5 b6 39. Qc3
Qd7 40. Qb4+ Kd8 41. Qf8+ Kc7 42. Qa8 Qc6 43. Qxa7+ Qb7 44. Qa4 Rg4 45. Qc2+
Qc6 46. Nc3 Rxh4+ 47. Kg3 Rc4 48. Qh7 Rxc3+ 49. Kh2 Qd6+ 50. Kg1 Rc1+ 51. Kf2
Qf4+ 52. Ke2 Qf1+ 53. Kd2 Qe1+ 54. Kd3 Rc3+ 55. Kd4 Qe3# 0-1

[Event "Ch BLR 2011 w"]
[Site "?"]
[Date "2011.01.21"]
[Round "6.4"]
[White "Stetsko, Lanita"]
[Black "Revo, Tatiana"]
[Result "1-0"]
[WhiteElo "2142"]
[BlackElo "2031"]
[PlyCount "59"]
[EventDate "2011.01.17"]
[SourceDate "2011.01.17"]

1. e4 c5 2. c3 d5 3. exd5 Qxd5 4. d4 g6 5. Nf3 Bg7 6. Na3 cxd4 7. Nb5 Na6 8.
Be3 Bg4 9. Nbxd4 Nc7 10. Nb5 Qc6 11. Nfd4 Bxd4 12. Qxd4 Nxb5 13. Qxh8 O-O-O 14.
Qe5 Rd5 15. Qf4 Qd7 16. f3 Bf5 17. Bc4 e5 18. Qh4 Rd6 19. O-O Bd3 20. Bxd3 Rxd3
21. Qxh7 Ne7 22. Qh8+ Qd8 23. Qxe5 Nf5 24. Bf4 Qb6+ 25. Kh1 Nbd6 26. Qe2 Rd5
27. Rad1 Rxd1 28. Rxd1 Qc6 29. Bxd6 Nxd6 30. Qe7 1-0

[Event "Ch BLR 2011 w"]
[Site "?"]
[Date "2011.01.21"]
[Round "6.5"]
[White "Morgaenko, Ekaterina"]
[Black "Homiakova, Elena"]
[Result "0-1"]
[WhiteElo "1828"]
[BlackElo "2157"]
[PlyCount "74"]
[EventDate "2011.01.17"]
[SourceDate "2011.01.17"]

1. d4 Nf6 2. Nf3 g6 3. Nc3 d5 4. Bf4 Bg7 5. e3 O-O 6. Bd3 Bg4 7. h3 Bxf3 8.
Qxf3 c6 9. O-O-O Nbd7 10. g4 Re8 11. Qg3 Qa5 12. h4 Ne4 13. Bxe4 dxe4 14. Bc7
b6 15. g5 c5 16. h5 cxd4 17. exd4 Rac8 18. hxg6 fxg6 19. Qg4 Qf5 20. Qxf5 gxf5
21. Bg3 Nf8 22. Rh5 Red8 23. Ne2 b5 24. a3 a5 25. c3 b4 26. axb4 axb4 27. Kc2
Ne6 28. d5 bxc3 29. bxc3 Nc5 30. Rdh1 Rxd5 31. Nf4 Rd7 32. Rxh7 Bxc3 33. Ng6
Ne6 34. Kb1 Rb7+ 35. Kc2 Ba5+ 36. Kd1 Rb1+ 37. Ke2 Rc2+ 0-1

[Event "Ch BLR 2011 w"]
[Site "?"]
[Date "2011.01.22"]
[Round "7.1"]
[White "Sharevich, Anna"]
[Black "Morgaenko, ekaterina"]
[Result "1-0"]
[WhiteElo "2332"]
[BlackElo "1828"]
[PlyCount "55"]
[EventDate "2011.01.17"]
[SourceDate "2011.01.17"]

1. d4 Nf6 2. c4 e5 3. dxe5 Ng4 4. e4 Nxe5 5. f4 Ng6 6. Nf3 Bb4+ 7. Nc3 Bxc3+ 8.
bxc3 Nc6 9. Bd3 d6 10. Be3 O-O 11. O-O f5 12. Qc2 Qf6 13. Nd4 fxe4 14. Bxe4
Nce7 15. Rae1 c6 16. Qb3 Kh8 17. Bb1 d5 18. c5 Rb8 19. f5 Nh4 20. Bf4 Ra8 21.
Ne6 Bxe6 22. Rxe6 Qf7 23. Bd6 Nexf5 24. Bxf5 Nxf5 25. Re5 Qf6 26. Rexf5 Qxf5
27. Rxf5 Rxf5 28. Qxb7 1-0

[Event "Ch BLR 2011 w"]
[Site "?"]
[Date "2011.01.22"]
[Round "7.2"]
[White "Revo, Tatiana"]
[Black "Molotilova, Olga"]
[Result "1/2-1/2"]
[WhiteElo "2031"]
[BlackElo "1930"]
[PlyCount "51"]
[EventDate "2011.01.17"]
[SourceDate "2011.01.17"]

1. e4 e5 2. d4 exd4 3. Qxd4 Nc6 4. Qe3 Bb4+ 5. Nc3 d6 6. Bd2 Nf6 7. O-O-O O-O
8. f4 Re8 9. Qg3 Nxe4 10. Nxe4 Rxe4 11. c3 Bc5 12. Bd3 Re8 13. Nh3 Ne7 14. Ng5
Bf5 15. Bxf5 Nxf5 16. Qh3 Nh6 17. g4 Qd7 18. Qd3 f5 19. Rde1 Kh8 20. h3 a5 21.
Rhf1 b5 22. Re5 Rad8 23. Ree1 Rb8 24. Re5 Rbd8 25. Ree1 Rb8 26. Re5 1/2-1/2

[Event "Ch BLR 2011 w"]
[Site "?"]
[Date "2011.01.22"]
[Round "7.3"]
[White "Homiakova, Elena"]
[Black "Ziaziulkina, Nastassia"]
[Result "0-1"]
[WhiteElo "2157"]
[BlackElo "2301"]
[PlyCount "94"]
[EventDate "2011.01.17"]
[SourceDate "2011.01.17"]

1. e4 c5 2. Nf3 d6 3. d4 cxd4 4. Nxd4 Nf6 5. Nc3 a6 6. Be2 e6 7. O-O Be7 8. a4
Nc6 9. Be3 O-O 10. Kh1 Qc7 11. f4 Re8 12. Bd3 Nb4 13. a5 Bd7 14. Qe1 Rac8 15.
Qg3 Bc6 16. f5 e5 17. Nf3 d5 18. Bh6 Bf8 19. exd5 Nbxd5 20. Ne4 Nxe4 21. Bxe4
Nf6 22. Bxc6 Qxc6 23. Bg5 Ne4 24. Qh4 Nxg5 25. Nxg5 h6 26. Ne4 Qxc2 27. Rf2
Qc1+ 28. Rf1 Qxb2 29. Rab1 Qa2 30. Rxb7 Rb8 31. Rd7 Rb1 32. Rdd1 Rxd1 33. Rxd1
Qxa5 34. h3 Rb8 35. Kh2 Qb5 36. Qg4 Kh8 37. Qh5 Qc4 38. Ng3 Re8 39. Rd7 Kg8 40.
Qd1 a5 41. Ra7 Qd4 42. Qxd4 exd4 43. Rxa5 Bd6 44. Rd5 Bc7 45. Rd7 Be5 46. Ra7
Rc8 47. Ra5 f6 0-1

[Event "Ch BLR 2011 w"]
[Site "?"]
[Date "2011.01.22"]
[Round "7.4"]
[White "Bogdan, Ekaterina"]
[Black "Stetsko, Lanita"]
[Result "0-1"]
[WhiteElo "1991"]
[BlackElo "2142"]
[PlyCount "170"]
[EventDate "2011.01.17"]
[SourceDate "2011.01.17"]

1. e4 d6 2. d4 Nf6 3. Nc3 g6 4. Be2 Bg7 5. Bg5 c6 6. Qd2 b5 7. f3 Nbd7 8. h4
Nh5 9. g4 Ng3 10. Rh2 Nxe2 11. Ngxe2 h6 12. Be3 Nb6 13. b3 Qc7 14. Nf4 Bd7 15.
Nd3 a5 16. Rd1 O-O-O 17. Ne2 Kb7 18. Qxa5 Ra8 19. Qb4 Rxa2 20. Nec1 Ra7 21. c4
Rha8 22. Rc2 bxc4 23. Nc5+ Kc8 24. Nxd7 Kxd7 25. d5 c5 26. Qb5+ Kd8 27. b4 Na4
28. bxc5 Rb7 29. Qc6 Qxc6 30. dxc6 Rc7 31. Rd5 Rxc6 32. cxd6 Bc3+ 33. Kf1 exd6
34. Bxh6 Ke7 35. Ne2 Bf6 36. Bg5 Bxg5 37. Rxg5 c3 38. Rb5 Rac8 39. Rb4 Nb2 40.
Rb3 Na4 41. Kf2 Rc4 42. Nf4 f5 43. Nxg6+ Kf6 44. gxf5 d5 45. e5+ Kxf5 46. Ne7+
Kxe5 47. Nxc8 Rxc8 48. Rb4 Nb2 49. f4+ Kf5 50. Rd4 Rc5 51. h5 Ke6 52. Kg3 Kf5
53. Kh4 Rc6 54. Kg3 Rc5 55. h6 Kg6 56. Kg4 Kxh6 57. Kf5 Nc4 58. Ke6 Ne3 59. Rc1
c2 60. Rd2 Rc6+ 61. Kd7 Rb6 62. Rg1 Rg6 63. Rh1+ Kg7 64. Ke7 Rc6 65. Rg1+ Rg6
66. Rc1 Nf5+ 67. Kd7 Ne3 68. Rd3 d4 69. Rxd4 Rb6 70. Ra4 Kf6 71. Raa1 Kf5 72.
Kc7 Rb3 73. Ra4 Rb1 74. Ra1 Rb4 75. Kc6 Kxf4 76. Kc5 Rc4+ 77. Kb5 Rc8 78. Kb4
Ke4 79. Ra3 Kd4 80. Kb3 Kd3 81. Kb2+ Kd2 82. Rxe3 Rb8+ 83. Ka2 Kxc1 84. Rd3
Ra8+ 85. Kb3 Kb1 0-1

[Event "Ch BLR 2011 w"]
[Site "?"]
[Date "2011.01.22"]
[Round "7.5"]
[White "Kusenkova, Natallia"]
[Black "Eidelson, Rakhil"]
[Result "0-1"]
[WhiteElo "2026"]
[BlackElo "2245"]
[PlyCount "152"]
[EventDate "2011.01.17"]
[SourceDate "2011.01.17"]

1. e4 d6 2. d4 Nf6 3. Nc3 g6 4. g3 Bg7 5. Bg2 O-O 6. Nge2 Nbd7 7. O-O e5 8. h3
c6 9. Be3 Re8 10. a4 Qe7 11. Qd2 exd4 12. Bxd4 Ne5 13. f4 Nc4 14. Qc1 d5 15. b3
Na5 16. exd5 Nxd5 17. Bxg7 Kxg7 18. Nxd5 cxd5 19. Re1 Nc6 20. Qb2+ Kg8 21. Nc3
Be6 22. Rad1 Qf6 23. Rd2 Rac8 24. Nd1 Qxb2 25. Nxb2 Nb4 26. Ree2 b6 27. Nd1 d4
28. Nf2 Red8 29. g4 Kg7 30. Nd3 Nd5 31. Bxd5 Bxd5 32. Kf2 Rc3 33. Re5 Kf8 34.
h4 f6 35. Ree2 f5 36. g5 Be4 37. Ne1 Rh3 38. Ng2 Rf3+ 39. Kg1 Kf7 40. Re1 Rc3
41. Ree2 Rd5 42. Ne1 Rh3 43. Rh2 Rg3+ 44. Kf1 Rg4 45. Rdf2 d3 46. cxd3 Bxd3+
47. Nxd3 Rxd3 48. h5 Kg7 49. hxg6 hxg6 50. Rh6 Rd4 51. Rh3 Rdxf4 52. Rc3 Rxf2+
53. Kxf2 Rxg5 54. Rc7+ Kh6 55. Rxa7 Rg4 56. Rc7 Rb4 57. Rc3 g5 58. Kg2 g4 59.
Rd3 Kg5 60. Rd5 Rxb3 61. a5 bxa5 62. Rxa5 Re3 63. Rb5 Kf4 64. Rb4+ Re4 65. Rb3
Re2+ 66. Kf1 Re3 67. Rb5 g3 68. Kg2 Kg4 69. Rb8 Re2+ 70. Kf1 Rf2+ 71. Kg1 f4
72. Rg8+ Kf3 73. Ra8 Re2 74. Ra1 Re3 75. Rf1+ Kg4 76. Ra1 f3 0-1